| 000 | 01216cam a2200373 i 4500 | ||
|---|---|---|---|
| 999 |
_c200449570 _d67782 |
||
| 001 | 200449570 | ||
| 003 | TR-AnTOB | ||
| 005 | 20250829140008.0 | ||
| 007 | ta | ||
| 008 | 150722s2022 tu 01 tur d tur | ||
| 020 | _a9789750275050 | ||
| 040 |
_aTR-AnTOB _beng _erda _cTR-AnTOB |
||
| 041 | 0 | _atur | |
| 050 | 1 | 4 | _aKKX1043 |
| 090 |
_aKKX1043 _b.Ş46 2022 |
||
| 100 | 1 |
_aŞener, Oruç Hami _eauthor _973161 |
|
| 245 | 1 | 0 |
_aTeorik ve uygulamalı ortaklıklar hukuku : _bders kitabı / _cProf. Dr. Oruç Hami Şener. |
| 246 | 3 | 0 | _aOrtaklıklar hukuku. |
| 250 | _aBeşinci Baskı: Şubat 2022 | ||
| 250 | _aGözden geçirilmiş beşinci bası | ||
| 264 | 1 |
_aAnkara: _bSeçkin, _c2022. |
|
| 300 |
_axxi, 844 pages ; _c25 cm |
||
| 336 |
_atext _btxt _2rdacontent |
||
| 337 |
_aunmediated _bn _2rdamedia |
||
| 338 |
_avolume _bnc _2rdacarrier |
||
| 490 | 0 |
_aSeçkin Yayıncılık. _v1222 |
|
| 504 | _aBIBINDX | ||
| 650 | 7 |
_aŞirketler _xDenetim _xHukuk ve mevzuat _zTürkiye _2etuturkob _9121884 |
|
| 650 | 7 |
_aAnonim şirketler _zTürkiye _2etuturkob _9109551 |
|
| 650 | 7 |
_aŞirketler hukuku _zTürkiye _2etuturkob _9107934 |
|
| 650 | 0 |
_aCorporation law _zTurkey _990066 |
|
| 942 |
_cBK _2lcc |
||